000 00698nam a2200229 i 4500
001 C2-0335347
003 PPAK
005 20180728134801.0
008 160107s1994 io |||| ||||| | ind d
040 _aPPAK
_beng
_cPPAK
_erda
082 0 4 _a899.2213
_223
090 0 0 _a899.2213
_bALH
_dKK
100 1 _aAlhabsi, Arsal,
_eauthor
245 1 0 _aWartawan koboi dan corat-coret lainnya :
_bbacaan sekolom sambil minum kopi
264 1 _aJakarta, Indonesia :
_bPT Mario Grafika ,
_c1994
300 _axv, 288 pages ;
_c18 cm
336 _2rdacontent
_atext
337 _2rdamedia
_aunmediated
338 _2rdacarrier
_avolume
650 1 0 _aNational characteristics, Indonesian.
942 _ddc
_cB
999 _c133533
_d133533